[Event "Challenge"]
[Site "http://www.queenalice.com/game.php?id=423828"]
[Date "2008.6.27"]
[Round "-"]
[White "thiagooo"]
[Black "lilian"]
[Result "1-0"]
[WhiteElo "900"]
[BlackElo "1049"]

1. Nf3 Nc6 2. e4 Nf6 3. Nc3 e5 4. Bc4 Bc5 5. Ng5 O-O 6. Bxf7+ Rxf7 7. Nxf7 Kxf7
8. O-O d6 9. d3 Bg4 10. Qe1 Nd4 11. Bg5 Nxc2 12. Qc1 Nxa1 13. Qxa1 Kg6 14. Qe1
Qf8 15. h3 Bh5 16. g4 Kxg5 17. Qd2+ Kh4 18. Kg2 b6 19. Ne2 b5 20. f3 Bg6 21. Ng3
b4 22. f4 exf4 23. Qxf4 Re8 24. g5+ Ng4 25. Qxg4# 1-0

[Event "Challenge"]
[Site "http://www.queenalice.com/game.php?id=450765"]
[Date "2008.8.19"]
[Round "-"]
[White "Brenovid"]
[Black "thiagooo"]
[Result "1-0"]
[WhiteElo "1286"]
[BlackElo "1042"]

1. e4 Nc6 2. c3 e5 3. Qe2 d6 4. d3 Qh4 5. g3 Qf6 6. Be3 Qg6 7. Bg2 Bg4 8. Bf3
Bh3 9. Nxh3 f5 10. exf5 Qxf5 11. g4 Qe6 12. Ng5 Qf6 13. h4 Rd8 14. d4 exd4 15.
cxd4 d5 16. Nc3 Nb4 17. Qb5+ c6 18. Qxb7 Nc2+ 19. Ke2 Nxa1 20. Rxa1 Rd6 21. Qxa7
Rd7 22. Qb8+ Rd8 23. Qa7 h5 24. gxh5 g6 25. a4 c5 26. Nxd5 Rxd5 27. Bxd5 Ne7 28.
Qa8+ 1-0

[Event "La Pardida"]
[Site "http://www.queenalice.com/game.php?id=455883"]
[Date "2008.8.30"]
[Round "-"]
[White "thiagooo"]
[Black "alvinho"]
[Result "0-1"]
[WhiteElo "1033"]
[BlackElo "1352"]

1. e4 e5 2. Bc4 Bc5 3. Qh5 Qe7 4. Nf3 g6 5. Qg4 Nc6 6. Nc3 d5 7. Nxd5 Bxg4 8.
Nxe7 Bxe7 9. O-O Bxf3 10. gxf3 Nd4 11. c3 Nxf3+ 12. Kg2 Ng5 13. f4 exf4 14. Rxf4
Nf6 15. d4 Ngxe4 16. Be3 g5 17. Bb5+ c6 18. Bc4 gxf4 19. Bxf4 O-O-O 20. Rd1
Rhg8+ 21. Kf3 Rg7 22. d5 cxd5 0-1

[Event "Challenge"]
[Site "http://www.queenalice.com/game.php?id=456359"]
[Date "2008.8.31"]
[Round "-"]
[White "thiagooo"]
[Black "Rutty"]
[Result "0-1"]
[WhiteElo "1063"]
[BlackElo "2098"]

1. e4 e5 2. Bc4 Bc5 3. Qh5 Qe7 4. Nf3 Nc6 5. Ng5 Nh6 6. Nc3 O-O 7. Nd5 Qd6 8.
O-O Nd4 9. d3 Nxc2 10. Ne7+ Qxe7 11. d4 Bxd4 12. Rb1 c6 13. Rd1 Nb4 14. Rd3 Nxd3
15. Nf3 Bxf2+ 16. Kh1 Nxc1 17. Rxc1 d6 18. Ng5 Bg4 19. Qh4 Be3 20. h3 Bxg5 21.
Qe1 Bxc1 22. Qxc1 Be6 23. Be2 Bxa2 24. Qf1 f5 25. exf5 Rxf5 26. Qa1 Bd5 27. Qa5
Qg5 28. Bc4 Qxg2# 0-1

[Event "Challenge"]
[Site "http://www.queenalice.com/game.php?id=456525"]
[Date "2008.8.31"]
[Round "-"]
[White "herick_douglas"]
[Black "thiagooo"]
[Result "1-0"]
[WhiteElo "1579"]
[BlackElo "1010"]

1. e4 e5 2. Qh5 Nf6 3. Qxe5+ Be7 4. d4 d6 5. Qb5+ c6 6. Qe2 Bg4 7. f3 Bh5 8. g4
Bg6 9. Bg5 d5 10. e5 Bb4+ 11. c3 Ba5 12. exf6+ Kf8 13. fxg7+ Kxg7 14. Bxd8 Rxd8
15. Qe5+ f6 16. Qe7+ Kh6 17. Qxf6 Nd7 18. Qf4+ Kg7 19. Nh3 Re8+ 20. Be2 Bc2 21.
Nd2 c5 22. dxc5 Nxc5 23. Qd4+ Kf8 24. Qxc5+ Kf7 25. Qxd5+ Kg6 26. Qxa5 1-0

[Event "Challenge"]
[Site "http://www.queenalice.com/game.php?id=456762"]
[Date "2008.9.1"]
[Round "-"]
[White "thiagooo"]
[Black "DG"]
[Result "0-1"]
[WhiteElo "1063"]
[BlackElo "1100"]

1. e4 Nf6 2. e5 Nd5 3. Qh5 g6 4. Qg5 Nc6 5. Bc4 f6 6. Qg4 e6 7. d4 Bb4+ 8. c3
Ba5 9. Nf3 Nb6 10. exf6 Nxc4 11. f7+ Kxf7 12. Qf4+ Qf6 13. Ng5+ Ke7 14. Qe4 h6
15. d5 Qf5 16. Qxc4 Qe5+ 17. Be3 hxg5 18. Qc5+ d6 19. Qc4 exd5 0-1

[Event "paulorossyn "]
[Site "http://www.queenalice.com/game.php?id=458184"]
[Date "2008.9.4"]
[Round "-"]
[White "thiagooo"]
[Black "Viper3910"]
[Result "0-1"]
[WhiteElo "1063"]
[BlackElo "1866"]

1. e4 e5 2. Bc4 Nf6 3. Nf3 Nc6 4. Ng5 d5 5. Bb5 Bd7 6. O-O Nxe4 7. Nxf7 Kxf7 8.
Qh5+ g6 9. Qf3+ Nf6 10. Nc3 Be6 11. d3 Nd4 12. Qg3 Bb4 13. Qh3 Bxh3 14. gxh3
Bxc3 15. bxc3 Nxb5 16. Re1 e4 17. dxe4 dxe4 0-1

[Event "polianaalves"]
[Site "http://www.queenalice.com/game.php?id=458510"]
[Date "2008.9.5"]
[Round "-"]
[White "thiagooo"]
[Black "llfs"]
[Result "0-1"]
[WhiteElo "1063"]
[BlackElo "1555"]

1. e4 d5 2. Bb5+ c6 3. Ba4 dxe4 4. Qh5 Nf6 5. Qe5 e6 6. d4 exd3 7. cxd3 Qxd3 8.
Nc3 Ng4 9. Ne4 Nxe5 10. Nc5 Qd4 11. Nb3 Nd3+ 12. Kf1 Qxf2# 0-1

[Event "lilian"]
[Site "http://www.queenalice.com/game.php?id=458512"]
[Date "2008.9.5"]
[Round "-"]
[White "thiagooo"]
[Black "karpovl"]
[Result "0-1"]
[WhiteElo "1063"]
[BlackElo "1693"]

1. e4 e5 2. Bc4 Qh4 3. Nf3 Qxe4+ 4. Be2 Qg4 5. Nxe5 Qxg2 6. Rf1 d6 7. Bb5+ Bd7
8. Bc4 dxe5 9. Qh5 g6 10. Qxe5+ Ne7 11. Qxh8 Qe4+ 12. Be2 Qg2 13. Bc4 Bh3 14.
Qxh7 Qe4+ 15. Be2 Bxf1 16. Kxf1 Qh1# 0-1

[Event "Rodrigo1 "]
[Site "http://www.queenalice.com/game.php?id=458514"]
[Date "2008.9.5"]
[Round "-"]
[White "thiagooo"]
[Black "spawnwolfwolverine"]
[Result "0-1"]
[WhiteElo "1063"]
[BlackElo "1493"]

1. e4 e5 2. Bc4 d6 3. Qh5 g6 4. Qf3 Nf6 5. d4 b6 6. Bg5 Bg7 7. dxe5 dxe5 8. Bb5+
Bd7 9. Bc4 O-O 10. Nc3 c5 11. Nd5 b5 12. Nxf6+ Bxf6 13. Bxf6 Qa5+ 14. c3 bxc4
15. Rd1 Be6 16. Ne2 Nc6 17. h4 Qxa2 18. h5 Qxb2 19. hxg6 fxg6 20. Rh6 Bg4 21.
Qxg4 Rxf6 22. Qh4 Rf7 23. Rd6 Ne7 24. Ng3 Qxc3+ 25. Ke2 Qc2+ 26. Ke3 Qxf2# 0-1

[Event "Challenge"]
[Site "http://www.queenalice.com/game.php?id=458552"]
[Date "2008.9.5"]
[Round "-"]
[White "thiagooo"]
[Black "jackmate"]
[Result "0-1"]
[WhiteElo "1063"]
[BlackElo "1794"]

1. e4 c5 2. Qh5 d6 3. Bc4 e6 4. Nf3 Nf6 5. Qh3 Nxe4 6. O-O d5 7. Bb5+ Bd7 8. Bd3
Ng5 9. Nxg5 Qxg5 10. Be2 e5 11. d4 Qg6 12. Qb3 Be7 13. dxe5 O-O 14. Qxb7 d4 15.
Qxa8 Bc6 16. Qxa7 Qxg2# 0-1

[Event "thiagooo"]
[Site "http://www.queenalice.com/game.php?id=462118"]
[Date "2008.9.12"]
[Round "-"]
[White "thiagooo"]
[Black "Drica"]
[Result "0-1"]
[WhiteElo "1063"]
[BlackElo "1630"]

1. e4 e5 2. Bc4 Bc5 3. Qh5 Qf6 4. Nf3 g6 5. Qg4 h5 6. Qg3 d6 7. d4 exd4 8. Bg5
Qg7 9. e5 dxe5 10. Nxe5 Nd7 11. Bxf7+ Kf8 12. Qf4 Ndf6 13. Nxg6+ Kxf7 14. Ne5+
Kf8 15. O-O b5 16. Re1 Bb7 17. Na3 Bd6 18. Nxb5 Be7 0-1

[Event "bebado"]
[Site "http://www.queenalice.com/game.php?id=462122"]
[Date "2008.9.12"]
[Round "-"]
[White "thiagooo"]
[Black "Drica"]
[Result "0-1"]
[WhiteElo "1063"]
[BlackElo "1632"]

1. e4 e5 2. Bc4 Bc5 3. Qh5 Qf6 4. Nf3 g6 5. Qg4 h5 6. Qg3 Nc6 7. O-O d6 8. Ng5
Nd4 9. Bxf7+ Kf8 10. Be6 Nxe6 11. Nc3 Nxg5 12. Nd5 Qd8 13. d4 Nxe4 14. Qf3+ Nef6
15. Ne3 exd4 16. Nc4 Nh6 17. Bg5 Ng8 18. Rae1 Rb8 0-1

[Event "Challenge"]
[Site "http://www.queenalice.com/game.php?id=462125"]
[Date "2008.9.12"]
[Round "-"]
[White "thiagooo"]
[Black "GameOver"]
[Result "0-1"]
[WhiteElo "1033"]
[BlackElo "1491"]

1. e4 e6 2. Qh5 Nf6 3. Qb5 Nc6 4. Nf3 Be7 5. Bc4 O-O 6. O-O d5 7. exd5 exd5 8.
Re1 dxc4 9. Qxc4 Be6 10. Qh4 Nd5 11. Qc4 Nb6 12. Qe4 Bd6 13. Ng5 g6 14. Qh4 h5
0-1